Países com Mais Medalhas Olímpicas no Vôlei - Statistics

Estatísticas Gerais
  • Esse quiz foi jogado 657 vezes
  • A pontuação média é 8 de 9
Estatísticas das Respostas
Hint Resposta % Correto
11 Brasil
100%
11 Estados Unidos
99%
9 Japão
92%
6 China
91%
6 Itália
91%
6 Rússia
91%
5 Cuba
77%
12 União Soviética
72%
3 Polônia
69%
Nenhum quiz correspondente encontrado
Distribuição das Pontuações
Porcentagem de Pessoas com Cada Pontuação
Percentil de Números Respondidos
Sua Pontuação Histórica
Você não jogou esse quiz